Voces de la Revolución de Abril de 1965 : (Registro nro. 13620)

Detalles MARC
000 -LIDER
fixed length control field 01865nam a22002777a 4500
003 - IDENTIFICACDOR DE NÚMERO DE CONTROL
control field DO-SdBNP
005 - DATE AND TIME OF LATEST TRANSACTION
control field 20210921130839.0
008 - ELEMENTOS DE LONGITUD FIJA
fixed length control field 2021 dr |||| 00| 0 spa d
020 ## - ISBN
International Standard Book Number 9789945586961
040 ## - FUENTE DE CATALOGACIÓN
Agencia que crea de manera original el registro BPMSU
Idioma de catalogación Spa
Agencia que realiza la transcripción BPMSU
082 ## - NÚMERO DE CLASIFICACIÓN DECIMAL DE DEWEY
Classification number 972.93054
Item number V872r 2020
Edition number 22
245 00 - MENCIÓN DE TITULO
Título Voces de la Revolución de Abril de 1965 :
Subtítulo testimonios
Mención de responsabilidad
260 ## - PUBLICACIÓN, DISTRIBUCIÓN, ETC. (PIE DE IMPRENTA)
Lugar de publicación, distribución, etc Santo Domingo :
Nombre del editor, distribuidor, etc. Archivo General de la Nación,
Fecha de publicación, distribución, etc 2020
300 ## - DESCRIPCIÓN FÍSICA
Extensión 585 p. ;
Dimensiones 25 cm.
490 0# - MENCIÓN DE SERIES
Mención de serie Archivo General de la Naciónj,
Volume/sequential designation 300
500 ## - NOTA GENERAL
Nota general Incluye referencias bibliográficas y notas al pie de las páginas
502 ## - NOTA DE TESIS
Indentificador de Disertación
504 ## - NOTA DE BIBLIOGRAFÍA, ETC.
Bibliography, etc Incluyes datos Bibliografía 571p. - 586 p.
505 0# - NOTA DE CONTENIDO
Texto normalizado de contenido Presentación, Aquiles Castro 9 -- La conspiración: inicio del movimiento constitucionalista 17 -- Estalla la revolución: primeras horas, primeros días 43 -- Cadetes de la Academia Batalla de Las Carreras y SPM 151 -- Batalla en el puente Duarte 171 -- Intervención de los Estados Unidos y ocupación 207 -- 26 de abril, asalto a la fortaleza Ozama 225 -- Los comandos 233 -- Combates en la zona norte y Operación Limpieza 289 -- Intelectuales y artistas 311 -- Intento de asalto al Palacio Nacional, 19 de mayo 323 -- Combates del 15 y 16 de junio 349 -- El protagonismo de la mujer 373 -- Vida cotidiana 407 -- Partidos políticos: PRD, PRSC, 1J4, MPD, PSP, PR 467 -- Intentos por extender la insurgencia al interior 487 -- Gestión diplomática, asesoría y negociaciones 519 -- Final de la guerra 539 -- Ataque al hotel Matum 559 -- Índice onomástico
590 ## - NOTA LOCAL
Enlace Inventariado, 2021/VM
651 #4 - ENCABEZAMIENTO DE MATERIA--NOMBRE GEOGRÁFICO
Nombre geográfico República Dominicana
Subdivisión temática general Historia
Subdivisión cronológica Ocupación norteamericana, 1965-1966 |
651 #4 - ENCABEZAMIENTO DE MATERIA--NOMBRE GEOGRÁFICO
Nombre geográfico República Dominicana
Subdivisión temática general Historia
Subdivisión cronológica Guerra civil, 1965
710 2# - ASIENTO SECUNDARIO -- NOMBRE CORPORATIVO
Nombre corporativo o de jurisdicción Archivo General de la Nación (República Dominicana)
910 ## - VALIDACIÓN
Validación Mcabrera/ VMateo V.
942 ## - ADDED ENTRY ELEMENTS (KOHA)
Source of classification or shelving scheme Dewey Decimal Classification
Koha item type Libros
Existencias
Withdrawn status Lost status Source of classification or shelving scheme Damaged status Not for loan Collection code Home library Current library Date acquired Source of acquisition Total Checkouts Full call number Barcode Date last seen Price effective from Koha item type Copy number
    Dewey Decimal Classification     Colección Dominicana Biblioteca Pública Metropolitana Salomé Ureña Biblioteca Pública Metropolitana Salomé Ureña 09/21/2021 AGN   BPMSU CD 972.93054 V872r 2020 BPMSU21090078 09/21/2021 09/21/2021 Libros  
    Dewey Decimal Classification     Colección Dominicana Biblioteca Pública Metropolitana Salomé Ureña Biblioteca Pública Metropolitana Salomé Ureña 09/21/2021 AGN   BPMSU CD 972.93054 V872r 2020 BPMSU25110112 11/27/2025 09/21/2021 Libros e.2
    Dewey Decimal Classification     Colección Dominicana Biblioteca Pública Metropolitana Salomé Ureña Biblioteca Pública Metropolitana Salomé Ureña 09/21/2021 AGN   BPMSU CD 972.93054 V872r 2020 BPMSU26020028 02/03/2026 09/21/2021 Libros e.3